Homenots (Record no. 181671)

MARC details
000 -LEADER
campo de control de longitud fija 00723nam a2200229 i 4500
001 - NÚMERO DE CONTROL
campo de control 181671
003 - IDENTIFICADOR DE NÚMERO DE CONTROL
campo de control ES-MaACL
005 - FECHA Y HORA DE LA ÚLTIMA TRANSACCIÓN
campo de control 20250822063232.0
008 - DATOS DE LONGITUD FIJA--INFORMACIÓN GENERAL
campo de control de longitud fija 130306s1975 sp | |||||||| | cat d
020 ## - NÚMERO INTERNACIONAL ESTÁNDAR DEL LIBRO
Número Internacional Estándar del Libro 84-233-0907-X
080 ## - NÚMERO DE LA CLASIFICACIÓN DECIMAL UNIVERSAL
Número de la Clasificación Decimal Universal 929(460)"18/19"
100 1# - ENTRADA PRINCIPAL--NOMBRE DE PERSONA
Nombre de persona Pla, Josep,
Fechas asociadas al nombre 1897-1981
9 (RLIN) 164614
245 10 - MENCIÓN DEL TÍTULO
Título Homenots
Resto del título : quarta série /
Mención de responsabilidad, etc. Josep Pla.
260 ## - PUBLICACIÓN, DISTRIBUCIÓN, ETC.
Lugar de publicación, distribución, etc. Barcelona :
Nombre del editor, distribuidor, etc. Destino,
Fecha de publicación, distribución, etc. 1975.
300 ## - DESCRIPCIÓN FÍSICA
Extensión 559 p. ;
Dimensiones 18 cm.
490 1# - MENCIÓN DE SERIE
Mención de serie Obra Completa de Josep Pla ;
Designación de volumen o secuencia 29
650 #4 - PUNTO DE ACCESO ADICIONAL DE MATERIA--TÉRMINO DE MATERIA
Término de materia o nombre geográfico como elemento de entrada Catalanes-
Subdivisión cronológica S.XIX-
Subdivisión de forma Biografías.
9 (RLIN) 152433
650 #4 - PUNTO DE ACCESO ADICIONAL DE MATERIA--TÉRMINO DE MATERIA
Término de materia o nombre geográfico como elemento de entrada Catalanes-
Subdivisión cronológica S.XX-
Subdivisión de forma Biografías.
9 (RLIN) 152434
830 0# - PUNTO DE ACCESO ADICIONAL DE SERIE-TÍTULO UNIFORME
Título uniforme Obra Completa de Josep Pla ;
Designación de volumen o secuencia 29
9 (RLIN) 191524
852 ## - LOCALIZACIÓN
Ubicación ES-MaACL
Número de control de estantería J-46(29)
Holdings
Estatus retirado Estado de pérdida Estado de daño No para préstamo Biblioteca de origen Biblioteca actual Ubicación en estantería Fecha de adquisición Fuente de adquisición Total de préstamos Signatura topográfica completa Código de barras Visto por última vez Precio de reemplazo Tipo de ítem Koha
        Biblioteca del Ateneo de Madrid Biblioteca del Ateneo de Madrid Depósito 2 06/03/2013     J-46(29) 1190919 23/02/2023 23/02/2023 Libro impreso